Подарок с земли: романы; пер. с англ.; Дырявый; Окаймлено черным; Штиль в аду

গ্রন্থ-পঞ্জীর বিবরন
প্রধান লেখক: Нивен Л. Ларри
ভাষা:রুশ
প্রকাশিত: Иркутск, Улисс, 1992
TOC:Дырявый; Окаймлено черным; Штиль в аду;
বিষয়গুলি:
বিন্যাস: গ্রন্থ
KOHA link:https://koha.lib.tpu.ru/cgi-bin/koha/opac-detail.pl?biblionumber=359525

MARC

LEADER 00000nam0a2200000 4500
001 359525
005 20231102011210.0
010 |a 5865060015 
035 |a (RuTPU)RU\TPU\retro\16805 
090 |a 359525 
100 |a 20201112d1992 m y0rusy50 ca 
101 1 |a rus  |c eng 
102 |a RU 
105 |a a z 001ay 
200 1 |a Подарок с земли  |e романы  |e пер. с англ.  |f Л. Нивен 
210 |a Иркутск  |c Улисс  |d 1992 
215 |a 543 с.  |c ил. 
320 |a Вступительная статья: с. 3-10 
464 |t Дырявый; Окаймлено черным; Штиль в аду  |o романы 
606 1 |a Английская литература  |2 stltpush  |3 (RuTPU)RU\TPU\subj\29042  |9 52454 
610 1 |a художественная литература 
610 1 |a фантастические романы 
610 1 |a фантастика 
675 |a 82  |v 4 
700 1 |a Нивен  |b Л.  |g Ларри  |4 070 
801 1 |a RU  |b 63413507  |c 20201112 
801 2 |a RU  |b 63413507  |c 20230623  |g RCR 
942 |c BK